00315nam a22000977a 4500008004100000082001500041110003900056245005800095260005600153300000800209230620b xxu||||| |||| 00| 0 eng d a323.4bCHR bStanding Committee on Human Rights aStanding Committee on Human Rights (K) Seventh Report aKenyabStanding Committee on Human RightscMay 2003 a61p